[Event "49th Bosna it"]
[Site "Sarajevo BIH"]
[Date "2019.04.29"]
[Round "4.45"]
[White "Bunjo, Adnan"]
[Black "Mrkovic, Nikola"]
[Result "1-0"]
[WhiteElo "1974"]
[BlackElo "1448"]
[EventDate "2019.04.27"]
[PlyCount "148"]

1.Nf3 Nc6 2.d4 d5 3.h3 Bf5 4.a3 e6 5.e3 a6 6.c4 dxc4 7.Bxc4 Nf6 8.O-O Bd6 
9.Nc3 O-O 10.Re1 Ne4 11.Bd2 Qd7 12.Nh4 Nxc3 13.Bxc3 Ne7 14.e4 Ng6 15.exf5 
Nxh4 16.fxe6 Qd8 17.exf7+ Kh8 18.Be6 Qe7 19.d5 Rad8 20.Qg4 Ng6 21.Qd4 Ne5 
22.f4 c5 23.Qf2 Nd3 24.Qg3 Rxf7 25.Qxd3 Rxf4 26.Bg4 Qc7 27.Re6 c4 28.Qe2 
Qc5+ 29.Kh1 Qxd5 30.Rxd6 Qxd6 31.Be5 Qf8 32.Bxf4 Qxf4 33.Rf1 Qc7 34.Qe6 
Qc5 35.Qf5 Qe7 36.Qf7 Qc5 37.Qxb7 a5 38.Qf3 h6 39.Qf5 Qc7 40.Bd1 Kg8 41.
Bc2 g6 42.Qxg6+ Qg7 43.Qe6+ Kh8 44.Qxc4 Qxb2 45.Qf7 Qg7 46.Qxg7+ Kxg7 47.
Rf5 Rc8 48.Be4 Rc4 49.Rxa5 Rxe4 50.Ra8 Kf6 51.a4 Ke7 52.a5 Re6 53.a6 Kd7 
54.a7 Ra6 55.Rh8 Rxa7 56.Rh7+ Ke6 57.Rxa7 Ke5 58.Rh7 Kf5 59.Rxh6 Kg5 60.
Ra6 Kf5 61.Kh2 Ke5 62.h4 Kf5 63.Kh3 Ke5 64.g4 Kd5 65.h5 Ke5 66.h6 Kd5 67.
h7 Ke5 68.h8=Q+ Kd5 69.Qh5+ Ke4 70.Qb5 Ke3 71.Ra4 Kd2 72.Qb3 Ke1 73.g5 Kd2
74.Ra2+ Kc1 1-0

[Event "49th Bosna it"]
[Site "Sarajevo BIH"]
[Date "2019.04.29"]
[Round "4.46"]
[White "Camdzija, Samir"]
[Black "Kajevic, Dzevad"]
[Result "1/2-1/2"]
[WhiteElo "1788"]
[BlackElo "1925"]
[EventDate "2019.04.27"]
[PlyCount "137"]

1.e4 e6 2.Nf3 c5 3.c3 d5 4.e5 Nc6 5.Be2 d4 6.d3 Nge7 7.Bg5 Qc7 8.O-O Ng6 
9.Na3 a6 10.Nc2 h6 11.Bd2 Ngxe5 12.Nxe5 Qxe5 13.Bf3 Bd7 14.Re1 Qf6 15.Na3 
Bd6 16.Nc4 Bc7 17.g3 O-O 18.Bg2 b5 19.Na3 Rad8 20.Qh5 e5 21.Rac1 Bb6 22.c4
b4 23.Nc2 Bc7 24.Rf1 Ne7 25.f4 Qg6 26.Qxg6 fxg6 27.Rce1 Bf5 28.Be4 exf4 
29.Bxf5 Nxf5 30.Bxf4 Bxf4 31.Rxf4 Rde8 32.Rfe4 Rxe4 33.Rxe4 Kf7 34.g4 Nh4 
35.Kf2 g5 36.Re5 Rc8 37.Na1 Rc6 38.Nb3 Rf6+ 39.Ke2 Rf4 40.Nxc5 Rxg4 41.Kd1
Rg1+ 42.Kc2 Rg2+ 43.Kb3 a5 44.Ne4 a4+ 45.Kxa4 Rxb2 46.c5 Rxa2+ 47.Kxb4 Ng6
48.Rd5 Ne7 49.Rd6 Rxh2 50.c6 Rc2 51.Nc5 Kg8 52.c7 Kh7 53.Rd7 Nc6+ 54.Kb5 
Na7+ 55.Kb6 Nc8+ 56.Kb7 Rxc5 57.Kxc8 g4 58.Rxd4 g3 59.Rg4 Rg5 60.Rxg5 hxg5
61.Kb8 g2 62.c8=Q g1=Q 63.Qf5+ Kg8 64.Qe6+ Kh7 65.Qf5+ Kg8 66.Qe6+ Kh7 67.
Qf5+ Kg8 68.Qe6+ Kh7 69.Qh3+ 1/2-1/2

[Event "49th Bosna it"]
[Site "Sarajevo BIH"]
[Date "2019.04.29"]
[Round "4.47"]
[White "Savanovic, Maksim"]
[Black "Bavcic, Fuad"]
[Result "1-0"]
[WhiteElo "1846"]
[BlackElo "1681"]
[EventDate "2019.04.27"]
[PlyCount "91"]

1.d4 e6 2.Bf4 d5 3.Nf3 Nf6 4.e3 Be7 5.Nbd2 b6 6.c3 O-O 7.Bd3 Ba6 8.Bxa6 
Nxa6 9.O-O c5 10.Qe2 Nb8 11.Rfe1 Nh5 12.Bxb8 Qxb8 13.Ne5 g6 14.Nd7 Qb7 15.
Nxf8 Rxf8 16.Rad1 c4 17.g3 f5 18.f3 Bg5 19.e4 Ng7 20.f4 Bd8 21.exd5 exd5 
22.Nf3 b5 23.a3 Bf6 24.Qd2 Qb6 25.Ne5 Rd8 26.Re2 a5 27.Rde1 Kf8 28.Re3 Rd6
29.Qe2 g5 30.fxg5 Bxg5 31.Rf3 Qd8 32.Ref1 Kg8 33.Kh1 Re6 34.Re1 Qe8 35.Qf2
h5 36.h4 Bf6 37.Rfe3 Qe7 38.Ng6 Qf7 39.Rxe6 Nxe6 40.Qxf5 Ng7 41.Qc2 a4 42.
Ne5 Qe6 43.Kg2 Nf5 44.Qf2 Qc8 45.Rf1 Bxe5 46.Qxf5 1-0

[Event "49th Bosna it"]
[Site "Sarajevo BIH"]
[Date "2019.04.29"]
[Round "4.48"]
[White "Radulov, Nevena"]
[Black "Mujicic, Benjamin"]
[Result "1-0"]
[WhiteElo "1704"]
[BlackElo "1488"]
[EventDate "2019.04.27"]
[PlyCount "95"]

1.c4 e5 2.Nc3 Nf6 3.Nf3 Bb4 4.Nxe5 Bxc3 5.bxc3 d6 6.Nf3 Nc6 7.g3 Be6 8.d3 
h6 9.Bg2 O-O 10.Qb3 Rb8 11.O-O Qd7 12.Nd4 Nxd4 13.cxd4 c6 14.Qa3 a6 15.Bf4
Rbd8 16.e4 Bh3 17.Rfd1 Rfe8 18.Rab1 Nh5 19.Qc1 Bxg2 20.Kxg2 Nxf4+ 21.Qxf4 
g5 22.Qd2 f6 23.Rh1 Kg7 24.f3 d5 25.cxd5 cxd5 26.Rhd1 Re7 27.Qb4 Rc8 28.
Rdc1 Rxc1 29.Rxc1 dxe4 30.dxe4 Qe6 31.d5 Qe5 32.Qc3 Qxc3 33.Rxc3 Kf7 34.
Kf2 Rd7 35.Ke3 Ke7 36.Kd4 Kd6 37.f4 Re7 38.Re3 gxf4 39.gxf4 Rg7 40.Rg3 Rc7
41.e5+ fxe5+ 42.fxe5+ Kd7 43.Rg7+ Kd8 44.Rxc7 Kxc7 45.a4 a5 46.Kc5 b6+ 47.
Kb5 h5 48.h4 1-0

[Event "49th Bosna it"]
[Site "Sarajevo BIH"]
[Date "2019.04.29"]
[Round "4.49"]
[White "Stanivukovic, Drago"]
[Black "Odzak, Tarik"]
[Result "1-0"]
[WhiteElo "1848"]
[BlackElo "1354"]
[EventDate "2019.04.27"]
[PlyCount "91"]

1.d4 e6 2.c4 f5 3.g4 fxg4 4.e4 b6 5.Qxg4 Nf6 6.Qh4 Bb7 7.Nc3 Be7 8.Qg3 Rg8
9.d5 Bb4 10.Bg2 exd5 11.exd5 d6 12.Bg5 h6 13.Qe3+ Qe7 14.Bxf6 Qxe3+ 15.
fxe3 gxf6 16.Bf3 Nd7 17.Bh5+ Kd8 18.Nf3 Nc5 19.O-O-O Bxc3 20.bxc3 Ne4 21.
Rhg1 Ke7 22.Nd4 Rg5 23.Rxg5 hxg5 24.Nf5+ Kf8 25.Kc2 Bc8 26.Nd4 Bd7 27.Bg6 
Nc5 28.h4 Kg7 29.h5 Rg8 30.Rf1 Nb7 31.Bf5 Bxf5+ 32.Nxf5+ Kh7 33.Nd4 Rf8 
34.Ne6 Rf7 35.Nxg5+ fxg5 36.Rxf7+ Kh6 37.Rxc7 Nc5 38.Rxa7 g4 39.Kd2 g3 40.
Ke2 Ne4 41.Kf3 Nd2+ 42.Kxg3 Nxc4 43.Kf4 Kxh5 44.Rc7 b5 45.Rxc4 bxc4 46.a4 
1-0

[Event "49th Bosna it"]
[Site "Sarajevo BIH"]
[Date "2019.04.29"]
[Round "4.50"]
[White "Lapo, Safet"]
[Black "Hadziabdic, Nadja"]
[Result "1-0"]
[WhiteElo "1770"]
[BlackElo "1102"]
[EventDate "2019.04.27"]
[PlyCount "71"]

1.d4 Nf6 2.Nf3 g6 3.c4 Bg7 4.Nc3 d6 5.e4 O-O 6.h3 e5 7.d5 Ne8 8.Bd3 f5 9.
Bg5 Nf6 10.Qc2 f4 11.Be2 h6 12.Bxf6 Bxf6 13.Nh2 g5 14.Bg4 Bg7 15.O-O-O a5 
16.a3 Na6 17.Na4 b6 18.Nc3 Qe8 19.Qe2 Nc5 20.Nb5 Qd8 21.Nf3 Ba6 22.Kb1 
Bxb5 23.cxb5 a4 24.h4 Ra5 25.hxg5 hxg5 26.Rh5 Bf6 27.Rdh1 Ra7 28.Nxg5 Bxg5
29.Rh8+ Kg7 30.Rxf8 Qxf8 31.Bf5 Kf6 32.Rh7 Qg8 33.Qh5 Ra5 34.Rxc7 Rxb5 35.
Bh7 Qf8 36.Qg6# 1-0

[Event "49th Bosna it"]
[Site "Sarajevo BIH"]
[Date "2019.04.30"]
[Round "5.1"]
[White "Kadric, Denis"]
[Black "Sadikhov, Ulvi"]
[Result "1/2-1/2"]
[WhiteElo "2542"]
[BlackElo "2479"]
[EventDate "2019.04.27"]
[PlyCount "51"]

1.e4 c5 2.Nc3 a6 3.g3 b5 4.Bg2 Bb7 5.Nh3 e6 6.d3 Nf6 7.O-O d6 8.f4 b4 9.
Na4 Be7 10.c3 bxc3 11.bxc3 O-O 12.Nf2 Bc6 13.Nb2 d5 14.e5 Nfd7 15.d4 f5 
16.exf6 Bxf6 17.Be3 Qa5 18.Rc1 Qxa2 19.Nbd3 Bb5 20.f5 exf5 21.Ra1 Qc4 22.
Nf4 Bc6 23.dxc5 Qxc3 24.Nxd5 Qxa1 25.Qb3 Qa4 26.Nxf6+ 1/2-1/2

[Event "49th Bosna it"]
[Site "Sarajevo BIH"]
[Date "2019.04.30"]
[Round "5.2"]
[White "Dizdarevic, Emir"]
[Black "Brkic, Ante"]
[Result "1/2-1/2"]
[WhiteElo "2423"]
[BlackElo "2560"]
[EventDate "2019.04.27"]
[PlyCount "85"]

1.Nf3 d5 2.e3 Nf6 3.c4 e6 4.b3 c5 5.Bb2 Nc6 6.cxd5 exd5 7.d4 Bg4 8.Be2 
Bxf3 9.Bxf3 cxd4 10.Bxd4 Nxd4 11.Qxd4 Qa5+ 12.Ke2 Bc5 13.Qa4+ Qxa4 14.bxa4
Ke7 15.Nc3 Rhd8 16.Rab1 Rab8 17.a5 d4 18.Na4 Bd6 19.exd4 Bc7 20.Rhd1 Bxa5 
21.Bxb7 Rd7 22.Nc5 Rd6 23.Rb3 Rbd8 24.Rbd3 Rb6 25.Nb3 Bb4 26.Bf3 Ra6 27.
Ra1 Ra3 28.d5 Kd6 29.Kf1 Rc8 30.Rdd1 a6 31.Nd4 g6 32.Nc6 Bc5 33.Rd2 Re8 
34.Rb1 Nd7 35.Rb3 Ra4 36.g3 f5 37.h4 h5 38.Bd1 Rae4 39.Kg2 f4 40.Bf3 Ra4 
41.Bd1 Rae4 42.Bf3 Ra4 43.Bd1 1/2-1/2

[Event "49th Bosna it"]
[Site "Sarajevo BIH"]
[Date "2019.04.30"]
[Round "5.3"]
[White "Predojevic, Borki"]
[Black "Kozul, Zdenko"]
[Result "1/2-1/2"]
[WhiteElo "2621"]
[BlackElo "2589"]
[EventDate "2019.04.27"]
[PlyCount "22"]

1.d4 Nf6 2.c4 g6 3.g3 c6 4.Bg2 d5 5.Nf3 Bg7 6.O-O O-O 7.cxd5 cxd5 8.Nc3 
Nc6 9.Bf4 e6 10.Ne5 Nxe5 11.Bxe5 Bd7 1/2-1/2

[Event "49th Bosna it"]
[Site "Sarajevo BIH"]
[Date "2019.04.30"]
[Round "5.4"]
[White "Djukic, Nikola"]
[Black "Jakovljevic, Vlado"]
[Result "1-0"]
[WhiteElo "2566"]
[BlackElo "2356"]
[EventDate "2019.04.27"]
[PlyCount "55"]

1.g3 d5 2.Bg2 c5 3.c4 Nf6 4.cxd5 Nxd5 5.Nc3 Nc7 6.Nf3 Nc6 7.O-O e5 8.d3 
Be7 9.Nd2 Bd7 10.Nc4 f6 11.f4 exf4 12.Bxf4 Be6 13.Qa4 Nd5 14.Nxd5 Bxd5 15.
Bxd5 Qxd5 16.Nb6 Qd4+ 17.Qxd4 Nxd4 18.Nxa8 Nxe2+ 19.Kg2 Nxf4+ 20.Rxf4 Kd7 
21.d4 Rxa8 22.dxc5 Bxc5 23.Rg4 g6 24.Rh4 h5 25.Rd1+ Kc6 26.Re4 Rf8 27.b4 
Bb6 28.a4 {Kd5 [%clk 0:29:59]} 1-0

[Event "49th Bosna it"]
[Site "Sarajevo BIH"]
[Date "2019.04.30"]
[Round "5.5"]
[White "Hodzic, Nihad"]
[Black "Nestorovic, Nikola"]
[Result "0-1"]
[WhiteElo "2296"]
[BlackElo "2473"]
[EventDate "2019.04.27"]
[PlyCount "80"]

1.d4 Nf6 2.c4 e6 3.Nc3 Bb4 4.e3 O-O 5.Bd3 d5 6.Nf3 Nc6 7.O-O h6 8.a3 dxc4 
9.Bxc4 Bd6 10.e4 e5 11.d5 Ne7 12.Be2 Ng6 13.Nd2 Bc5 14.Nc4 Bd7 15.Be3 Bxe3
16.Nxe3 Nf4 17.Bf3 Ne8 18.g3 Nh3+ 19.Kh1 Nd6 20.Bg2 Qg5 21.Qe2 h5 22.Rfe1 
h4 23.Qf1 hxg3 24.Bxh3 Qh6 25.Nf5 Nxf5 26.exf5 Bxf5 27.fxg3 Bxh3 28.Qc4 
Rae8 29.Qxc7 Qf6 30.Kg1 Qf3 31.Re2 f5 32.Rf2 Qe3 33.Qc4 f4 34.Qe4 Qb6 35.
Qb4 Qg6 36.Ne4 fxg3 37.Rxf8+ Rxf8 38.Nxg3 Qc2 39.Qe4 Qf2+ 40.Kh1 Rf4 0-1

[Event "49th Bosna it"]
[Site "Sarajevo BIH"]
[Date "2019.04.30"]
[Round "5.7"]
[White "Bilic, Vladimir"]
[Black "Soysal, Serkan"]
[Result "0-1"]
[WhiteElo "2343"]
[BlackElo "2424"]
[EventDate "2019.04.27"]
[PlyCount "136"]

1.e4 e6 2.d4 d5 3.Nd2 h6 4.Ngf3 Nf6 5.exd5 exd5 6.Bd3 Bd6 7.O-O O-O 8.Ne5 
c5 9.c3 Nc6 10.Ndf3 cxd4 11.Nxc6 bxc6 12.Nxd4 Re8 13.Nf5 Bc7 14.Qf3 Ne4 
15.Be3 Qd7 16.Ng3 f5 17.Rfd1 Qf7 18.Bf4 Bb6 19.Be3 Bc7 20.Bf4 Bb6 21.Be3 
Be6 22.Bc2 Rad8 23.Bxb6 axb6 24.Nf1 Qc7 25.Qd3 f4 26.f3 Nf6 27.Re1 Bf7 28.
Nd2 g5 29.Kf2 Kg7 30.Rxe8 Rxe8 31.Re1 Rxe1 32.Kxe1 c5 33.Kd1 Qe5 34.a4 c4 
35.Qe2 Nd7 36.Qxe5+ Nxe5 37.b3 cxb3 38.Bxb3 Nd3 39.g3 fxg3 40.hxg3 h5 41.
Ke2 Nc5 42.f4 gxf4 43.gxf4 h4 44.Bc2 Bg6 45.f5 Be8 46.Kf3 Kf6 47.Kg4 Bd7 
48.Kxh4 Bxf5 49.Bb3 Ke5 50.Kg3 Bd7 51.Kf3 Bxa4 52.Ba2 Bd1+ 53.Ke3 b5 54.
Nf1 Ne4 55.Kd3 Be2+ 56.Kxe2 Nxc3+ 57.Kd3 Nxa2 58.Nd2 Nb4+ 59.Kc3 Nc6 60.
Kd3 d4 61.Nb3 Kd5 62.Kc2 Ne5 63.Kd2 Nd7 64.Kc2 Nc5 65.Nd2 d3+ 66.Kc3 Ne4+ 
67.Kxd3 Nxd2 68.Kxd2 Kd4 0-1

[Event "49th Bosna it"]
[Site "Sarajevo BIH"]
[Date "2019.04.30"]
[Round "5.9"]
[White "Vajic, Goran"]
[Black "Subelj, Jan"]
[Result "1/2-1/2"]
[WhiteElo "2280"]
[BlackElo "2407"]
[EventDate "2019.04.27"]
[PlyCount "70"]

1.e4 e5 2.Nf3 Nc6 3.d4 exd4 4.Bc4 Bc5 5.c3 Nf6 6.cxd4 Bb4+ 7.Bd2 Bxd2+ 8.
Nbxd2 d5 9.exd5 Nxd5 10.Qb3 Nce7 11.O-O O-O 12.Rfe1 Nb6 13.Rac1 Nxc4 14.
Nxc4 Nd5 15.Ne3 Nb6 16.d5 Bd7 17.Nd4 Qf6 18.Qb4 Rfe8 19.Nb5 Bxb5 20.Qxb5 
a6 21.Qb3 Re7 22.Red1 Rd7 23.d6 Rxd6 24.Rxc7 Rxd1+ 25.Qxd1 Qxb2 26.Rxb7 
Qf6 27.Qb1 Nc8 28.Nd5 Qd8 29.Qb3 Nd6 30.Rb6 Nb5 31.Qc4 Rb8 32.Rxb8 Qxb8 
33.a4 Nd6 34.Qxa6 Qb1+ 35.Qf1 Qb3 1/2-1/2

[Event "49th Bosna it"]
[Site "Sarajevo BIH"]
[Date "2019.04.30"]
[Round "5.10"]
[White "Ozen, Deniz"]
[Black "Hadzovic, Amir"]
[Result "1/2-1/2"]
[WhiteElo "2403"]
[BlackElo "2258"]
[EventDate "2019.04.27"]
[PlyCount "132"]

1.e4 e5 2.Nf3 Nc6 3.Bb5 g6 4.d4 exd4 5.Bg5 Be7 6.Bxe7 Qxe7 7.Bxc6 dxc6 8.
Qxd4 Nf6 9.Nc3 Bg4 10.Nd2 c5 11.Qe3 O-O-O 12.f3 Bd7 13.O-O-O Bc6 14.Nc4 b6
15.b3 Rxd1+ 16.Rxd1 Rd8 17.Rxd8+ Qxd8 18.a4 Nd7 19.Qf4 Qf6 20.Qxf6 Nxf6 
21.Ne5 Be8 22.Kd2 Ng8 23.h4 f6 24.Ng4 c6 25.Ne3 Bf7 26.g4 Ne7 27.g5 f5 28.
exf5 gxf5 29.Ne2 Bd5 30.Nf4 Kd7 31.h5 Ke8 32.Ke2 Bf7 33.Nc4 Bxc4+ 34.bxc4 
Nc8 35.Nd3 Nd6 36.Ne5 a5 37.h6 Kf8 38.Nd7+ Kf7 39.Kd3 b5 40.cxb5 cxb5 41.
Nxc5 bxa4 42.Nxa4 f4 43.c4 Nxc4 44.Kxc4 Kg6 45.Kd4 Kxg5 46.Ke5 Kxh6 47.
Kxf4 Kh5 48.Kf5 Kh6 49.Nc5 Kg7 50.Na4 Kh6 51.Nb2 Kg7 52.Kg5 Kf7 53.Kf4 Kf6
54.Na4 Kg6 55.Kg4 Kf6 56.Kf4 Kg6 57.Nc3 Kf6 58.Nd5+ Ke6 59.Ke4 a4 60.Nf4+ 
Kf6 61.Kd3 a3 62.Kc2 Kg5 63.Nh3+ Kh4 64.f4 Kg4 65.Kb3 h5 66.Kxa3 h4 
1/2-1/2

[Event "49th Bosna it"]
[Site "Sarajevo BIH"]
[Date "2019.04.30"]
[Round "5.11"]
[White "Burovic, Rijad"]
[Black "Maksimovic, Bojan"]
[Result "1/2-1/2"]
[WhiteElo "2393"]
[BlackElo "2288"]
[EventDate "2019.04.27"]
[PlyCount "34"]

1.e4 c5 2.Nc3 Nc6 3.Nge2 e6 4.d4 cxd4 5.Nxd4 a6 6.Be3 Qc7 7.Bd3 Nf6 8.O-O 
Nxd4 9.Bxd4 Bc5 10.Bxf6 gxf6 11.Qg4 Kf8 12.Kh1 h5 13.Qh4 Be7 14.f4 b5 15.
f5 Qe5 16.Rae1 Bb7 17.a4 Bc6 1/2-1/2

[Event "49th Bosna it"]
[Site "Sarajevo BIH"]
[Date "2019.04.30"]
[Round "5.12"]
[White "Sitnic, Adnan"]
[Black "Borsuk, Konstantin"]
[Result "0-1"]
[WhiteElo "2174"]
[BlackElo "2368"]
[EventDate "2019.04.27"]
[PlyCount "76"]

1.e4 c5 2.f4 Nc6 3.Nf3 e6 4.Bb5 Nge7 5.O-O a6 6.Be2 d5 7.d3 g6 8.c3 d4 9.
Na3 b5 10.Nc2 Bg7 11.Qe1 O-O 12.cxd4 cxd4 13.b4 e5 14.Qh4 exf4 15.Bxf4 f6 
16.Qg3 f5 17.Bd6 fxe4 18.dxe4 d3 19.Bxd3 Bxa1 20.Rxa1 Ra7 21.Ncd4 Nxd4 22.
Nxd4 Rd7 23.e5 Rxd6 24.exd6 Qb6 25.Qe5 Nc6 26.Qd5+ Kh8 27.Rd1 Qxd4+ 28.
Qxd4+ Nxd4 29.Bf1 Ne6 30.d7 Bb7 31.g3 Kg7 32.Bh3 Nd8 33.Re1 Bc6 34.Rd1 Kf6
35.Kf2 Ke7+ 36.Ke3 Rf6 37.Re1 Bxd7 38.Kd4+ Kd6 0-1

[Event "49th Bosna it"]
[Site "Sarajevo BIH"]
[Date "2019.04.30"]
[Round "5.13"]
[White "Klasan, Vladimir"]
[Black "Rasidovic, Sead"]
[Result "1-0"]
[WhiteElo "2366"]
[BlackElo "2225"]
[EventDate "2019.04.27"]
[PlyCount "91"]

1.e4 e6 2.d4 d5 3.Bd3 c5 4.exd5 exd5 5.Qe2+ Be7 6.dxc5 Nf6 7.Nf3 O-O 8.O-O
Bxc5 9.Bg5 Bg4 10.Nc3 Nc6 11.Qd1 Kh8 12.h3 Be6 13.Qd2 Be7 14.Rfe1 a6 15.
Rad1 Qc7 16.Bxf6 Bxf6 17.Ng5 Rfe8 18.Nxh7 Bxc3 19.bxc3 Rac8 20.Nf6 Qd8 21.
Nxe8 Qxe8 22.Qg5 Kg8 23.c4 d4 24.f4 Qf8 25.Qh5 g6 26.Bxg6 Qg7 27.Bf5 Nd8 
28.Re5 Kf8 29.Bd3 Nc6 30.Rg5 Qf6 31.Qh4 Ke7 32.Re1 Rh8 33.Qg3 Kd8 34.Rg8+ 
Rxg8 35.Qxg8+ Kc7 36.Qg5 Qh8 37.f5 Bd7 38.f6 Qf8 39.h4 Qb4 40.Re2 Nd8 41.
Qf4+ Kc8 42.Bf5 Qxc4 43.Bxd7+ Kxd7 44.Re7+ Kc8 45.Qd6 Qxc2 46.Qd7+ 1-0

[Event "49th Bosna it"]
[Site "Sarajevo BIH"]
[Date "2019.04.30"]
[Round "5.14"]
[White "Galic, Zeljko"]
[Black "Buljubasic, Sabahudin"]
[Result "0-1"]
[WhiteElo "2293"]
[BlackElo "2347"]
[EventDate "2019.04.27"]
[PlyCount "80"]

1.c4 Nf6 2.Nc3 d5 3.e3 c6 4.d4 g6 5.Nf3 Bg7 6.Be2 O-O 7.O-O dxc4 8.Bxc4 
Nbd7 9.Bb3 Nb6 10.Qe2 Bg4 11.Rd1 a5 12.a4 Qd6 13.e4 Qb4 14.Ra3 e5 15.dxe5 
Nfd7 16.Ba2 Bxe5 17.Rb3 Qe7 18.Be3 Bc7 19.h3 Bxf3 20.Qxf3 Nc5 21.Bxc5 Qxc5
22.Rxb6 Qxb6 23.Rd7 Be5 24.Bxf7+ Kh8 25.Nd1 Rad8 26.Re7 Qd4 27.Ne3 Qxb2 
28.g3 Bg7 29.h4 Qb4 30.Rc7 Qd6 31.Rxb7 Rd7 32.e5 Bxe5 33.Nc4 Qd1+ 34.Qxd1 
Rxd1+ 35.Kg2 Bc3 36.h5 gxh5 37.f4 h4 38.Ne5 hxg3 39.Kxg3 Rg1+ 40.Kf2 Rg7 
0-1

[Event "49th Bosna it"]
[Site "Sarajevo BIH"]
[Date "2019.04.30"]
[Round "5.15"]
[White "Kanyamarala, Tarun"]
[Black "Arapovic, Vitomir"]
[Result "1-0"]
[WhiteElo "2070"]
[BlackElo "2331"]
[EventDate "2019.04.27"]
[PlyCount "83"]

1.d4 g6 2.e4 Bg7 3.Nc3 c6 4.f4 d5 5.e5 h5 6.Nf3 Bg4 7.h3 Bxf3 8.Qxf3 e6 9.
Be3 h4 10.Bd3 Ne7 11.Ne2 Nf5 12.Bf2 Nd7 13.O-O Bf8 14.b3 Be7 15.c4 Ba3 16.
Rfd1 Qa5 17.Rab1 Be7 18.Rb2 f6 19.Rdb1 Kf7 20.b4 Qc7 21.b5 Rab8 22.Nc3 
dxc4 23.Bxc4 Nb6 24.Bb3 Nd5 25.Rc2 Qd7 26.Ne4 fxe5 27.dxe5 a6 28.bxc6 bxc6
29.Rbc1 Rhc8 30.Bc5 Kg7 31.Kh2 Rf8 32.Rc4 Bxc5 33.Nxc5 Qe7 34.Nxa6 Rb5 35.
Ra4 Nfe3 36.Rxc6 Rf7 37.Re4 Nf5 38.Bxd5 exd5 39.Qg4 g5 40.Qh5 Kg8 41.Qg6+ 
Kf8 42.Rc8+ 1-0

[Event "49th Bosna it"]
[Site "Sarajevo BIH"]
[Date "2019.04.30"]
[Round "5.16"]
[White "Terzic, Ilijas"]
[Black "Trkulja, Goran"]
[Result "1/2-1/2"]
[WhiteElo "2104"]
[BlackElo "2309"]
[EventDate "2019.04.27"]
[PlyCount "94"]

1.d4 Nf6 2.Nf3 e6 3.c4 b6 4.a3 Bb7 5.Nc3 d5 6.cxd5 Nxd5 7.e3 Nd7 8.Bd3 Be7
9.O-O c5 10.e4 N5f6 11.dxc5 Nxc5 12.Bb5+ Kf8 13.Qe2 Ncxe4 14.Nxe4 Bxe4 15.
Rd1 Bd5 16.Ne5 Bd6 17.Bf4 Bxe5 18.Bxe5 Nd7 19.Rac1 Nxe5 20.Qxe5 Qf6 21.
Qd6+ Kg8 22.Bc6 Rd8 23.Qc7 h5 24.Bxd5 Rxd5 25.Rxd5 exd5 26.Qd7 Qxb2 27.
Rc8+ Kh7 28.Qf5+ g6 29.Qxf7+ Qg7 30.Qxg7+ Kxg7 31.Rc7+ Kf6 32.Rxa7 Re8 33.
Kf1 Re6 34.Rd7 Ke5 35.Ke2 Kd4+ 36.Kd2 Kc4 37.Rc7+ Kd4 38.Rd7 Rc6 39.Rf7 
Kc4 40.h4 b5 41.Ra7 Rb6 42.Rc7+ Kd4 43.Rc3 Ra6 44.Rd3+ Ke5 45.Rb3 Kd4 46.
Rd3+ Ke5 47.Re3+ Kd4 1/2-1/2

[Event "49th Bosna it"]
[Site "Sarajevo BIH"]
[Date "2019.04.30"]
[Round "5.17"]
[White "Janjic, Nikola"]
[Black "Pastar, Slaven"]
[Result "0-1"]
[WhiteElo "1878"]
[BlackElo "2295"]
[EventDate "2019.04.27"]
[PlyCount "66"]

1.c4 b6 2.Nc3 Bb7 3.d4 e6 4.Nf3 Bb4 5.Qc2 Nf6 6.e3 O-O 7.Bd3 d5 8.cxd5 
exd5 9.O-O Re8 10.Ne5 c5 11.b3 Nc6 12.Nxc6 Bxc6 13.Ne2 Qd6 14.Bb2 Rac8 15.
dxc5 bxc5 16.Bxf6 Qxf6 17.Bxh7+ Kh8 18.Bf5 Rc7 19.Ng3 g6 20.Bg4 d4 21.exd4
cxd4 22.Bf3 Bc3 23.Rad1 Bxf3 24.gxf3 Kg7 25.Kg2 Rh8 26.h3 Rh4 27.Qd3 Qg5 
28.Rh1 Ba5 29.Kf1 Bb6 30.Ne2 Qd5 31.Rh2 Rc8 32.Rc1 Rxc1+ 33.Nxc1 Rf4 0-1

[Event "49th Bosna it"]
[Site "Sarajevo BIH"]
[Date "2019.04.30"]
[Round "5.18"]
[White "Karaoglan, Kivanc"]
[Black "Muratovic, Efim"]
[Result "1-0"]
[WhiteElo "2001"]
[BlackElo "2400"]
[EventDate "2019.04.27"]
[PlyCount "59"]

1.e4 b6 2.d4 Bb7 3.Bd3 e6 4.Nf3 c5 5.c3 Qc7 6.O-O h6 7.Na3 a6 8.Re1 d6 9.
Bf4 Nd7 10.Nc4 b5 11.Ne3 Ngf6 12.e5 dxe5 13.Nxe5 Nxe5 14.Bxe5 Qd7 15.a4 c4
16.Bxf6 gxf6 17.Be2 Be7 18.Bf3 Rb8 19.Bxb7 Qxb7 20.d5 h5 21.axb5 axb5 22.
Qd4 Kf8 23.dxe6 Rd8 24.Ra7 Qb8 25.Rd7 fxe6 26.Nf5 e5 27.Qd5 Rxd7 28.Qxd7 
Qe8 29.Qd5 Rg8 30.Ra1 1-0

[Event "49th Bosna it"]
[Site "Sarajevo BIH"]
[Date "2019.04.30"]
[Round "5.19"]
[White "Obad, Andrija"]
[Black "Pestek, Elvis"]
[Result "1-0"]
[WhiteElo "2319"]
[BlackElo "1995"]
[EventDate "2019.04.27"]
[PlyCount "55"]

1.e4 e6 2.d4 d5 3.Nd2 Nf6 4.e5 Nfd7 5.Bd3 c5 6.c3 Nc6 7.Ne2 Qb6 8.Nf3 cxd4
9.cxd4 f6 10.exf6 Nxf6 11.O-O Bd6 12.Nc3 O-O 13.h3 Bd7 14.Re1 Rae8 15.Be3 
Qd8 16.Rc1 a6 17.Na4 Ne4 18.a3 Ne7 19.Bxe4 dxe4 20.Ng5 Nf5 21.Nxe4 Nxe3 
22.fxe3 Bb8 23.Nac5 Bc6 24.Qg4 Qd5 25.Rf1 b6 26.Rxf8+ Rxf8 27.Nxe6 g6 28.
Nxf8 1-0

[Event "49th Bosna it"]
[Site "Sarajevo BIH"]
[Date "2019.04.30"]
[Round "5.20"]
[White "Jovovic, Milan"]
[Black "Trumic, Enes"]
[Result "0-1"]
[WhiteElo "2065"]
[BlackElo "2241"]
[EventDate "2019.04.27"]
[PlyCount "72"]

1.d4 Nf6 2.Bf4 g6 3.Nc3 Bg7 4.Qd2 h6 5.e4 d6 6.O-O-O g5 7.Bg3 Nh5 8.Be2 
Nxg3 9.hxg3 Nc6 10.d5 Nd4 11.f4 g4 12.Nb5 Nxe2+ 13.Nxe2 c6 14.Nbc3 c5 15.
Qe3 b6 16.Rhe1 Qc7 17.e5 O-O 18.e6 f5 19.Rh1 Ba6 20.Rh5 Rf6 21.Rdh1 b5 22.
Nd1 b4 23.Qd2 Qa5 24.Kb1 Bc4 25.Nc1 Bb5 26.Ne3 Raf8 27.Nd3 Qb6 28.Nf2 c4 
29.Nexg4 fxg4 30.Nxg4 Rg6 31.Qd1 Rxg4 32.Qxg4 Qd4 33.c3 Qd3+ 34.Ka1 bxc3 
35.a3 cxb2+ 36.Ka2 b1=Q+ 0-1

[Event "49th Bosna it"]
[Site "Sarajevo BIH"]
[Date "2019.04.30"]
[Round "5.21"]
[White "Mrndjic, Muamer"]
[Black "Kanyamarala, Trisha"]
[Result "1/2-1/2"]
[WhiteElo "2239"]
[BlackElo "2028"]
[EventDate "2019.04.27"]
[PlyCount "133"]

1.d4 Nf6 2.Nf3 d5 3.c4 e6 4.Nc3 Bb4 5.cxd5 exd5 6.Qa4+ Nc6 7.Bg5 h6 8.Bxf6
Qxf6 9.e3 O-O 10.Bb5 Bxc3+ 11.bxc3 Ne7 12.Bd3 c6 13.O-O Qd6 14.Rab1 b6 15.
Rxb6 Bf5 16.Rxc6 Qxc6 17.Qxc6 Nxc6 18.Bxf5 Rab8 19.h4 g6 20.Bd7 Rb6 21.Rc1
Rd8 22.Bxc6 Rxc6 23.Ne5 Rc7 24.Nd3 Rb8 25.Rc2 Rb1+ 26.Kh2 a5 27.Nc5 Rc6 
28.c4 dxc4 29.Rxc4 Rb2 30.Ra4 Rxf2 31.Rxa5 Rd2 32.a4 Rb6 33.Ne4 Re2 34.Nc3
Rd2 35.Nd5 Rbb2 36.Nf4 f6 37.Kg3 g5 38.hxg5 hxg5 39.Nd5 Rxg2+ 40.Kf3 Rbf2+
41.Ke4 Rg4+ 42.Kd3 Rh4 43.Ne7+ Kf7 44.Ra7 Ke6 45.e4 Rf3+ 46.Ke2 Ra3 47.d5+
Ke5 48.Ng6+ Kxe4 49.Nxh4 gxh4 50.d6 Re3+ 51.Kf2 Rd3 52.Re7+ Kf4 53.d7 h3 
54.a5 h2 55.Kg2 Rd2+ 56.Kh1 Kg3 57.Re3+ Kf4 58.a6 Rxd7 59.Ra3 Ra7 60.Kxh2 
Ke4 61.Ra5 Kd4 62.Kg3 Kc4 63.Kf4 Kb4 64.Ra1 Kb5 65.Kf5 Rxa6 66.Rxa6 Kxa6 
67.Kxf6 1/2-1/2

[Event "49th Bosna it"]
[Site "Sarajevo BIH"]
[Date "2019.04.30"]
[Round "5.22"]
[White "Aleksic, Neven"]
[Black "Sabic, Muris"]
[Result "1-0"]
[WhiteElo "2184"]
[BlackElo "1963"]
[EventDate "2019.04.27"]
[PlyCount "101"]

1.d4 Nf6 2.c4 e6 3.Nf3 b6 4.g3 Ba6 5.Nbd2 c5 6.Bg2 Bb7 7.O-O d6 8.b3 Be7 
9.Bb2 O-O 10.Qc2 Nc6 11.Rad1 Qc7 12.Qb1 Rad8 13.Qa1 Nxd4 14.Nxd4 cxd4 15.
Bxb7 Qxb7 16.Bxd4 Ne8 17.Nf3 Bf6 18.Rd2 Bxd4 19.Qxd4 Nf6 20.Rfd1 h6 21.Qf4
d5 22.Ne5 Rc8 23.f3 Rc7 24.g4 b5 25.cxb5 Qxb5 26.h4 Qc5+ 27.Kg2 Qe7 28.g5 
Nh5 29.Qe3 Rfc8 30.Rd4 Rc3 31.R1d3 Rc1 32.gxh6 g6 33.Rg4 Kh7 34.Ra4 R8c7 
35.Rg4 Re1 36.Ra4 Rcc1 37.Rd2 Rh1 38.Ng4 Rcg1+ 39.Qxg1 Rxg1+ 40.Kxg1 Qc5+ 
41.Kg2 Qc7 42.e3 Qg3+ 43.Kf1 Qxf3+ 44.Rf2 Ng3+ 45.Ke1 Qh1+ 46.Kd2 Ne4+ 47.
Rxe4 dxe4 48.Rxf7+ Kh8 49.Nf6 Qh2+ 50.Kc3 Qe5+ 51.Kc4 1-0

[Event "49th Bosna it"]
[Site "Sarajevo BIH"]
[Date "2019.04.30"]
[Round "5.23"]
[White "Zenelaj, Samuel"]
[Black "Abdic, Adnan"]
[Result "1/2-1/2"]
[WhiteElo "1916"]
[BlackElo "2177"]
[EventDate "2019.04.27"]
[PlyCount "76"]

1.e4 e5 2.Nf3 Nc6 3.Bb5 a6 4.Bxc6 dxc6 5.O-O f6 6.d4 Bg4 7.dxe5 Qxd1 8.
Rxd1 Bxf3 9.gxf3 fxe5 10.Be3 Ne7 11.f4 exf4 12.Bxf4 Rc8 13.Be3 Ng6 14.f4 
Bd6 15.e5 Be7 16.Nc3 Rf8 17.Ne2 Nh4 18.Ng3 g6 19.Rd3 Nf5 20.Kf2 Nh4 21.Ke2
Rd8 22.Rxd8+ Kxd8 23.Kd3 Kd7 24.Ke4 Ke6 25.Rg1 Rd8 26.Ne2 Nf5 27.Nd4+ Nxd4
28.Bxd4 b6 29.Rg3 Rf8 30.Rh3 Rf7 31.Rh6 c5 32.Be3 Bf8 33.Rh3 Rd7 34.Rh4 
Rf7 35.Rh3 Rd7 36.Rh4 Rf7 37.Rh3 Rd7 38.Rh4 Rf7 1/2-1/2